Open issues in local star formation (Record no. 15998)

MARC details
000 -LEADER
fixed length control field 00636nam a2200193Ia 4500
003 - CONTROL NUMBER IDENTIFIER
control field IN-BaIIA
008 - FIXED-LENGTH DATA ELEMENTS--GENERAL INFORMATION
fixed length control field 211028s9999 xx 000 0 eng d
020 ## - INTERNATIONAL STANDARD BOOK NUMBER
International Standard Book Number 1-4020-1755-3
040 ## - CATALOGING SOURCE
Transcribing agency IIA Library
080 ## - UNIVERSAL DECIMAL CLASSIFICATION NUMBER
Universal Decimal Classification number 52(082.1)
Item number ASS-299
245 #0 - TITLE STATEMENT
Title Open issues in local star formation
Statement of responsibility, etc. edited by J. Lepine and J. Gregorio-Hetem
260 ## - PUBLICATION, DISTRIBUTION, ETC.
Place of publication, distribution, etc. Dordrecht
Name of publisher, distributor, etc. Kluwer Academic
Date of publication, distribution, etc. 2003
300 ## - PHYSICAL DESCRIPTION
Extent viii, 402p.
490 ## - SERIES STATEMENT
Series statement Astrophysics and space science library; v. 299
650 ## - SUBJECT ADDED ENTRY--TOPICAL TERM
Topical term or geographic name entry element Formation of stars
9 (RLIN) 29581
650 ## - SUBJECT ADDED ENTRY--TOPICAL TERM
Topical term or geographic name entry element Stars
700 ## - ADDED ENTRY--PERSONAL NAME
Personal name Gregorio-Hetem, J., ed.
9 (RLIN) 29582
942 ## - ADDED ENTRY ELEMENTS (KOHA)
Koha item type Books
Holdings
Withdrawn status Lost status Damaged status Not for loan Home library Current library Shelving location Date acquired Source of acquisition Cost, normal purchase price Total Checkouts Full call number Barcode Date last seen Cost, replacement price Price effective from Koha item type Purchase Price
        IIA Library-Bangalore IIA Library-Bangalore General Stacks 19/11/2005 PBPL 8433.55   52(082.1)/ ASS-299 16920 05/11/2021 8433.55 19/11/2005 Books Rs. 8433.55

Powered by Koha